000
00305nam a22001457a 4500
003
SGT
020
_a
3131368217
082
_a
615.892
_b
P02H
100
_a
HECKER, HONS ULRICH
245
_a
PRACTICE OF ACUPUNCTURE
250
_a
2ND
260
_b
THIEME, CANADA
_c
2002
300
_a
652
942
_2
ddc
_c
BK
999
_c
19795
_d
19795